Bundesliga 2013-2014 Top scorers - Statistics

General Stats
  • This quiz has been taken 21 times
  • The average score is 7 of 10
Answer Stats
Goals Nationality Club Player % Correct
20 Poland Borussia Dortmund Robert Lewandowski
100%
18 Croatia Bayern Munich Mario Mandžukić
90%
16 Germany Borussia Dortmund Marco Reus
86%
16 Brazil 1899 Hoffenheim Roberto Firmino
81%
15 Germany Bayer Leverkusen Stefan Kießling
71%
14 Croatia VfL Wolfsburg Ivica Olić
67%
15 Japan Mainz 05 Shinji Okazaki
62%
15 Brazil Borussia Mönchengladbach Raffael
57%
16 Colombia Hertha BSC Adrián Ramos
38%
17 Switzerland 1. FC Nürnberg Josip Drmić
33%
No matching quizzes found
Score Distribution
Percent of People with Each Score
Percentile by Number Answered
Your Score History
You have not taken this quiz